| 000 | 00920nam a22003017a 4500 | ||
|---|---|---|---|
| 003 | CHAP | ||
| 005 | 20230912101332.0 | ||
| 008 | 971013s1983 r 00010 d | ||
| 010 | _a60389 | ||
| 011 | _a61361 | ||
| 035 | _a65525 | ||
| 040 | _cCHAP | ||
| 082 |
_a635 _bM3 |
||
| 100 | 0 | 0 |
_aMaroto Borrego, José Vicente _971534 |
| 245 | _aHorticultura herbácea especial | ||
| 260 |
_aMadrid : _bMundi-Prensa, _c1983 |
||
| 300 |
_a533 p. _b: ilus. ; cuadrs |
||
| 590 |
_aBATCH-UPD _b10 _c20130110 _lUCH01 _h1751 |
||
| 590 |
_aBATCH-UPD _b10 _c20130410 _lUCH01 _h1129 |
||
| 590 |
_aBATCH-UPD _b10 _c20130914 _lUCH01 _h1623 |
||
| 590 |
_aCONVERSION _b10 _c20130109 _lUCH01 _h1332 |
||
| 650 | 1 | 4 |
_aHorticultura. _956291 |
| 650 | 1 | 4 |
_aLegumbres. _965680 |
| 901 | _aBK | ||
| 942 | _cLIBRO | ||
| 949 |
_a635 M3 _bBC _cLIBRO _d33724000830782 _eLIBRO _fc.2 _h60774 _i65525 _si |
||
| 949 |
_a635 M3 _bBC _cMUT _d-146375 _eMUT _h60220 _i65525 _si |
||
| 999 |
_c60389 _d60389 |
||